• 首页
  • 本馆介绍
  • 公告通知
  • 最新文献
  • 馆藏检索
  • 电子资源
  • 读者导购
  • 参考咨询
  • 我的图书馆
  • 登录
  • 详细信息显示
  • 放入我的书架
  • 预约/预借图书
  • 作者相关作品
  • 分类相关作品
  • 丛书相关作品
  • 出版社相关作品

书目信息

  • 表格格式
  • 工作单格式
  • 卡片格式
题名:
女子力图鉴
    
 
作者: 慕容素衣 著
分册:  
出版信息: 南京   江苏凤凰文艺出版社  2019
页数: 340页
开本: 21cm
丛书名:
单 册:
中图分类: K818.5
科图分类:
主题词: 女性--名人--生平事迹--世界
电子资源:
ISBN: 978-7-5594-3495-1
000 00992nam0 2200241 450
001 2047250243
005 20201129130748.01
010    @a978-7-5594-3495-1@dCNY59.80
100    @a20190828d2019 em y0chiy50 ea
101 0  @achi
102    @aCN@b320000
105    @aa z 000yd
200 1  @a女子力图鉴@9nv zi li tu jian@b专著@e潇洒无畏过一生@f慕容素衣著
210    @a南京@c江苏凤凰文艺出版社@d2019
215    @a340页@d21cm
314    @a慕容素衣,本名禹媚,湖南女子。青年畅销书作者,韩寒“ONE·一个”人气作者,豆瓣红人,讲故事的人。理想是写富于性情的文字,过自在洒脱的生活,交坦荡有趣的朋友。著有《时光深处的优雅》等畅销作品。
330    @a本书介绍了萨冈、乔治桑、帕蒂、桑德伯格、香奈儿、弗里达等24位经典女神,24种盛放的生命样本,千疮百孔又无比真实的人生。
517 1  @a潇洒无畏过一生@9xiao sa wu wei guo yi sheng
606 0  @a女性@x名人@x生平事迹@y世界
690    @aK818.5@v5
701  0 @a慕容素衣@9mu rong su yi@4著
801  2 @aCN@b58marc.cn@c20190901
905    @aZUCC@dK818.5@e10
    
    女子力图鉴:潇洒无畏过一生/慕容素衣著.-南京:江苏凤凰文艺出版社,2019
    340页;21cm
    
    
    ISBN 978-7-5594-3495-1:CNY59.80
    本书介绍了萨冈、乔治桑、帕蒂、桑德伯格、香奈儿、弗里达等24位经典女神,24种盛放的生命样本,千疮百孔又无比真实的人生。
●
相关链接 在五车中查询图书 在当当中查询图书 在豆瓣中查询图书


正题名:女子力图鉴     索取号:K818.5/10         预约/预借

序号 登录号 条形码 馆藏地/架位号 状态 备注
1 873360   2000873360   第二书库/ [索取号:K818.5/10] 在馆    
2 873361   2000873361   第二书库/ [索取号:K818.5/10] 在馆    
3 873362   2000873362   第二书库/ [索取号:K818.5/10] 在馆    
山东省滨州职业学院图书馆 欢迎您!
大连网信软件有限公司© 版权所有